Normal view
MARC view
- Waleed Aslam
Entry Personal Name
001 - CONTROL NUMBER
- control field: 92934
003 - CONTROL NUMBER IDENTIFIER
- control field: NUST
005 - DATE AND TIME OF LATEST TRANSACTION
- control field: 20220705122027.0
008 - FIXED-LENGTH DATA ELEMENTS
- fixed length control field: 220705|| aca||aabn | a|a d
040 ## - CATALOGING SOURCE
- Original cataloging agency: NUST
- Transcribing agency: NUST
100 ## - HEADING--PERSONAL NAME
- Personal name: Waleed Aslam
670 ## - SOURCE DATA FOUND
- Source citation: Work cat.: (NUST)12681: Waleed Aslam , Aware2-Fall detection, Activity and vital signs monitoring device , 2012
